Sports Quiz

Random Sports or Year Quiz

No-Hitter and World Series in Same Year Quiz Stats

 Plays Quiz Updated Oct 17, 2017

Challenge
Share
Tweet
Embed
Score 0/12 Timer 05:00
3 Plays Today
Date Pitcher % Correct
May 11, 1963*Sandy Koufax
84.6%
September 9, 1965* (PG)Sandy Koufax
84.6%
April 21, 2016Jake Arrieta
74.8%
July 18, 1999 (PG)David Cone
74.3%
May 17, 1998 (PG)David Wells
71.3%
June 13, 2012 (PG)Matt Cain
68.3%
June 25, 2014Tim Lincecum
67.3%
October 8, 1956 (PG)Don Larsen
66%
April 7, 1984Jack Morris
47.5%
June 10, 1997Kevin Brown
35.5%
May 14, 1996Dwight Gooden
31.3%
September 1, 2007Clay Buchholz
27%

You're not logged in!

Compare scores with friends on all Sporcle quizzes.
OR
Log In

You Might Also Like...

Show Comments

Extras

Top Quizzes Today


Score Distribution

Your Account Isn't Verified!

In order to create a playlist on Sporcle, you need to verify the email address you used during registration. Go to your Sporcle Settings to finish the process.

Report this User

Report this user for behavior that violates our Community Guidelines.

Details: